| Поле | Инд. | ПП | Название | Значение |
|---|---|---|---|---|
| Тип записи | a | |||
| Библиографический уровень | m | |||
| 001 | Контрольный номер | 7e0e488f-d9f7-4ad5-9142-2edad9e4f281 | ||
| 005 | Дата корректировки | 20210302145355.7 | ||
| 008 | Кодируемые данные | 041201 | ||
| 020 | a | ISBN | 5-09-013166-X | |
| c | Цена, тираж | 62.00 | ||
| 040 | a | Служба первич. каталог. | НБ ТвГУ | |
| 041 | 0_ | a | Код языка текста | rus |
| 080 | a | Индекс УДК | 82.09(072.3) | |
| a | Индекс УДК | 373.5.016:82.09 | ||
| 084 | a | Индекс другой классификации/Индекс ББК | Ч426.83 | |
| a | Индекс другой классификации/Индекс ББК | Ш5(2=411.2)я721-1 | ||
| 090 | x | Авторский знак | Ч-69 | |
| a | Полочн. индекс | Ч426.83 | ||
| 245 | 10 | a | Заглавие | Читаем, думаем, спорим ... |
| b | Продолж. заглавия | дидакт. материалы по лит. : 5 кл. | ||
| c | Ответственность | авт.-сост. В. Я. Коровина, В. П. Журавлев, В. И. Коровин | ||
| 250 | a | Основные сведения об издании | 2-е изд. | |
| 260 | 0_ | a | Место издания | Москва |
| b | Издательство | Просвещение | ||
| c | Дата издания | 2004 | ||
| 300 | a | Объем | 239,[1] с. | |
| b | Иллюстрации/ тип воспроизводства | ил. | ||
| 440 | _0 | a | Серия | Литература |
| 583 | a | Действие | Получение впервые 425 30.11.2004 | |
| k | Исполнитель действия | ООО "Кроун" | ||
| 650 | 04 | a | Основная рубрика | Литература |
| x | Основная подрубрика | Методика преподавания в средней школе | ||
| x | Основная подрубрика | Дидактические материалы | ||
| 650 | 04 | a | Основная рубрика | Русская литература |
| x | Основная подрубрика | Учебники для средней школы | ||
| 653 | 0_ | a | Ключевые слова | Литература в школе |
| a | Ключевые слова | Преподавание литературы | ||
| a | Ключевые слова | Дидактические материалы | ||
| a | Ключевые слова | Русская литература | ||
| a | Ключевые слова | Методика | ||
| 700 | 1_ | a | Другие авторы | Коровина Вера Яновна |
| e | Роль лиц | авт.-сост. | ||
| 700 | 1_ | a | Другие авторы | Журавлев Виктор Петрович |
| e | Роль лиц | авт. | ||
| 700 | 1_ | a | Другие авторы | Коровин Валентин Иванович |
| e | Роль лиц | авт.-сост. | ||
| 852 | 41 | t | Порядковый номер экземпляра | 2 |
| p | Инвентарный номер | 792565 | ||
| p | Инвентарный номер | 792566 | ||
| 888 | a | За счет средств "Лицея" | ||
| 901 | t | Тип документа | m | |
| 930 | a | Новая/Ретро | методика | |
| a | Новая/Ретро | учебники | ||
| 952 | p | 425.2004 62.00 1 792565 | ||
| p | 425.2004 62.00 1 792566 | |||
| c | Вид литературы | К ру | ||
| 954 | a | Дата поступления на обработку | 20041210 | |
| 999 | a | Подразделение 2 | ч.з. |